| 000 | 01824cam a22004694i 4500 | ||
|---|---|---|---|
| 003 | PE-LiUPU | ||
| 005 | 20250731173030.0 | ||
| 008 | 150623s r 000 0 d | ||
| 020 | _a0801860903 | ||
| 035 | _a(Sirsi) i9780801860904 | ||
| 040 |
_aPE-LiUPU _bspa _cPE-LiUPU _erda |
||
| 049 | _aPRUA | ||
| 082 | 0 | 4 |
_a296.155 _bM54 _221 |
| 100 | 1 |
_aWise, Michael O., _eautor. |
|
| 245 | 1 | 0 |
_aMethods of investigation of the Dead Sea Scrolls and the Khirbet Qumran site / _cMichael O. Wise. |
| 264 | 1 |
_aNew York, NY : _bThe New York Academy of Sciences, _c1994. |
|
| 300 |
_a514 páginas : _bilustraciones, gráficos, fotos ; _c24 centímetros |
||
| 336 |
_atext _2rdacontent |
||
| 337 |
_aunmediated _2rdamedia |
||
| 338 |
_avolume _2rdacarrier |
||
| 490 | 0 |
_aAnnals of the New York Academy of Sciences ; _v722 |
|
| 504 | _aIncluye bibliografía. | ||
| 505 | 0 | _aArchaeology and history of the Khirbet Qumran site. -Studies on texts, methologies, and new perspectives. -The scrolls in the context of early judaism. -Books, language, and history. -Texts and the origins of the Scrolls. | |
| 526 | _aSEG42 | ||
| 526 | _aSEG41 | ||
| 526 | _aSEG40 | ||
| 526 | _aSEG39 | ||
| 526 | _aP94 | ||
| 526 | _aP87 | ||
| 526 | _aP86 | ||
| 526 | _aP85 | ||
| 526 | _aP77 | ||
| 526 | _aP76 | ||
| 526 | _aP35 | ||
| 650 | 0 | 4 |
_aManuscritos del mar muerto _xCrítica, interpretación, etc. _vCongresos. |
| 942 |
_2ddc _cBOOK |
||
| 949 |
_a296.155 M54 _wDEWEY _c1 _i48093 _lCCODEBUL1 _mBUL _r0 _sY _tBOOK _u2015-6-24 _xTEOLOGIA _PP35 _0COMPRA _o.STAFF. Colección General |
||
| 994 |
_aC0 _bPEPRU |
||
| 596 | _a1 | ||
| 999 |
_a296.155 M54 _wDEWEY _c25062 _i48093 _f2021-11-11 _g5 _lCCODEBUL1 _mBUL _r0 _sY _tBOOK _u2015-6-24 _xTEOLOGIA _PP35 _0COMPRA _o.STAFF. Colección General _d25062 |
||
| 980 |
_81 _gALBERTO SANCHEZ Responsable de Automatización |
||